| 000 | 06035nam a22005777a 4500 | ||
|---|---|---|---|
| 008 | 090122t xxu||||| |||| 00| 0 eng d | ||
| 010 | _aB-358846 | ||
| 020 |
_a9788184510379 _c75.00 |
||
| 035 | _aB-358846 | ||
| 035 | _aB-332280-302 | ||
| 037 | _bBlueberry Books | ||
| 040 |
_adpl _bEnglish |
||
| 082 | _a551.415 | ||
| 245 |
_aHow do people live in the desert?: _bcompiled by Meesha Khanna; illustrated by Kiran, Mohan and Dayal _cand other questions about deserts / |
||
| 260 |
_aNew Delhi _bDreamland Publications _c2008 |
||
| 270 |
_aJ-128, Kriti Nagar, _bNew Delhi _e110015 |
||
| 300 |
_a31p.: _bcol. ill. _c26cm(pbk) |
||
| 490 | _aI want to know about-14 | ||
| 500 | _aIncludes index | ||
| 700 | _aKhanna, Meesha | ||
| 700 | _aKiran | ||
| 700 | _aMohan | ||
| 700 | _aDayal | ||
| 942 |
_2ddc _cCH _mHOW _h551.415 |
||
| 999 |
_c22254 _d22254 |
||